[Event "Mittelfranken-chTB2a 1314"]
[Site "Mittelfranken"]
[Date "2014.03.09"]
[Round "7.6"]
[White "Runde, Eduard"]
[Black "Shen, Julian"]
[Result "0-1"]
[WhiteElo "1585"]
[BlackElo "1803"]
[PlyCount "94"]
[EventDate "2013.10.20"]
[EventType "team-tourn"]
[EventRounds "9"]
[EventCountry "GER"]
[SourceTitle "EXT 2020"]
[Source "ChessBase"]
[SourceDate "2019.10.17"]
[SourceVersion "1"]
[SourceVersionDate "2019.10.17"]
[SourceQuality "1"]
[WhiteTeam "Neumarkt II"]
[BlackTeam "Rothenburg"]
[WhiteTeamCountry "GER"]
[BlackTeamCountry "GER"]

1. e4 e6 2. Nf3 d5 3. e5 c5 4. d4 Nc6 5. Bb5 Qb6 6. Bxc6+ Qxc6 7. c3 Qb6 8. 0-0 Ne7 9. b3 Nc6 10. Be3 cxd4 11. cxd4 Bd7 12. Nc3 Rc8 13. Na4 Qa5 14. Nc5 Bxc5 15. dxc5 0-0 16. a3 Qc7 17. Bf4 Na5 18. b4 Nc4 19. Qc2 h6 20. Rfe1 b6 21. Qc1 Ba4 22. cxb6 Qxb6 23. Bxh6 gxh6 24. Qxh6 Bc2 25. Re2 Bd3 26. Ng5 Bg6 27. h4 Qd4 28. Rae1 Qg4 29. Kh2 Qh5 30. Qxh5 Bxh5 31. f3 Bg6 32. Rd1 Kg7 33. g4 Nxa3 34. Ra1 Nb5 35. Ra5 Bd3 36. Rd2 Bc4 37. f4 Rh8 38. h5 Rc7 39. Nf3 Nc3 40. Nd4 Ne4 41. Rd1 Nf2 42. Rg1 Nd3 43. Rga1 a6 44. b5 axb5 45. Nxb5 Bxb5 46. Rxb5 Nxf4 47. Rb3 Nxh5 0-1

[Event "Mittelfrankenliga-B2a 0607"]
[Site "Mittelfranken"]
[Date "2007.03.11"]
[Round "7.7"]
[White "Sha, Siyu"]
[Black "Runde, Eduard"]
[Result "1-0"]
[WhiteElo "1790"]
[BlackElo "1632"]
[PlyCount "40"]
[EventDate "2006.10.22"]
[EventType "team-tourn"]
[EventRounds "9"]
[EventCountry "GER"]
[SourceTitle "EXT 2011"]
[Source "ChessBase"]
[SourceDate "2010.11.26"]
[SourceVersion "1"]
[SourceVersionDate "2010.11.26"]
[SourceQuality "1"]
[WhiteTeam "Nuernberg NT IV"]
[BlackTeam "Neumarkt"]
[WhiteTeamCountry "GER"]
[BlackTeamCountry "GER"]

1. e4 e5 2. Nf3 Nc6 3. Bb5 d6 4. 0-0 Nf6 5. Re1 a6 6. Ba4 b5 7. Bb3 h6 8. c3 Bg4 9. h3 Bh5 10. d3 Qd7 11. Nbd2 a5 12. Nf1 g5 13. Ng3 Bg6 14. d4 g4 15. hxg4 Qxg4 16. Bd5 Ra6 17. Qb3 b4 18. Qc4 Qc8 19. Bxc6+ Ke7 20. dxe5 Ng4 1-0

[Event "Mittelfrankenliga-B2a 0607"]
[Site "Mittelfranken"]
[Date "2007.01.28"]
[Round "5.7"]
[White "Klek, Hanna Marie"]
[Black "Runde, Eduard"]
[Result "0-1"]
[WhiteElo "1980"]
[BlackElo "1632"]
[PlyCount "40"]
[EventDate "2006.10.22"]
[EventType "team-tourn"]
[EventRounds "9"]
[EventCountry "GER"]
[SourceTitle "EXT 2011"]
[Source "ChessBase"]
[SourceDate "2010.11.26"]
[SourceVersion "1"]
[SourceVersionDate "2010.11.26"]
[SourceQuality "1"]
[WhiteTeam "Erlangen SC II"]
[BlackTeam "Neumarkt"]
[WhiteTeamCountry "GER"]
[BlackTeamCountry "GER"]

1. e4 e5 2. Nf3 Nc6 3. Bc4 Nf6 4. d3 Bc5 5. 0-0 d6 6. c3 Bg4 7. h3 Bh5 8. Bg5 h6 9. Bh4 g5 10. Bg3 Qd7 11. Nbd2 Rg8 12. Nb3 Bb6 13. Re1 g4 14. hxg4 Qxg4 15. d4 Nxe4 16. Bf1 Nxg3 17. fxg3 Qxg3 18. Kh1 0-0-0 19. dxe5 Nxe5 20. Nbd2 Nd3 0-1

[Event "Mittelfrankenliga-B2a 0607"]
[Site "Mittelfranken"]
[Date "2006.10.22"]
[Round "1.7"]
[White "Runde, Eduard"]
[Black "Reinders, Rudolf"]
[Result "1/2-1/2"]
[WhiteElo "1632"]
[BlackElo "1887"]
[PlyCount "108"]
[EventDate "2006.10.22"]
[EventType "team-tourn"]
[EventRounds "9"]
[EventCountry "GER"]
[SourceTitle "EXT 2011"]
[Source "ChessBase"]
[SourceDate "2010.11.26"]
[SourceVersion "1"]
[SourceVersionDate "2010.11.26"]
[SourceQuality "1"]
[WhiteTeam "Neumarkt"]
[BlackTeam "Erlangen BSGW"]
[WhiteTeamCountry "GER"]
[BlackTeamCountry "GER"]

1. c4 Nf6 2. Nf3 e6 3. g3 Nc6 4. Bg2 d5 5. 0-0 Be7 6. b3 Rb8 7. d4 0-0 8. Bf4 b6 9. Nc3 a6 10. Rc1 Bb7 11. a4 Rc8 12. Qd3 Nb4 13. Qb1 h6 14. Ne5 Nd7 15. Rfd1 Nxe5 16. Bxe5 Bg5 17. e3 Be7 18. g4 c6 19. Rd2 Qd7 20. Na2 f6 21. Bf4 Nxa2 22. Rxa2 Bb4 23. c5 bxc5 24. dxc5 e5 25. Bg3 Qxg4 26. a5 Rb8 27. h3 Qh5 28. Bf1 Bc8 29. Kh2 Qe8 30. e4 d4 31. Qc2 Bc3 32. f4 Kh8 33. f5 g6 34. Bd3 Qe7 35. Rb1 Rb4 36. Qc1 g5 37. Be1 Rd8 38. Qd1 Qf7 39. Bc4 Qf8 40. Qh5 Bxe1 41. Rxe1 Bd7 42. Rb2 Be8 43. Qf3 Qxc5 44. Ra1 d3 45. Qf2 Qxf2+ 46. Rxf2 d2 47. Rd1 Bh5 48. Rdxd2 Rbb8 49. Bxa6 Rxd2 50. Rxd2 Bf3 51. Bc4 Bxe4 52. Rd6 Kg7 53. Rd7+ Kh8 54. a6 Bxf5 1/2-1/2

[Event "Mittelfrankenliga-B2a 0506"]
[Site "Germany"]
[Date "2006.01.29"]
[Round "5.8"]
[White "Fuchs, Gerhard"]
[Black "Runde, Eduard"]
[Result "1-0"]
[WhiteElo "2133"]
[BlackElo "1614"]
[PlyCount "101"]
[EventDate "2005.10.16"]
[EventType "team"]
[EventRounds "9"]
[EventCountry "GER"]
[SourceTitle "EXT 2007"]
[Source "ChessBase"]
[SourceDate "2006.11.23"]
[SourceVersion "1"]
[SourceVersionDate "2006.11.23"]
[SourceQuality "1"]

1. b3 e5 2. Bb2 Nc6 3. e3 d5 4. Bb5 Bd6 5. f4 f6 6. fxe5 fxe5 7. Nf3 Bg4 8. h3 Bxf3 9. Qxf3 Qh4+ 10. g3 Qe4 11. Qxe4 dxe4 12. Nc3 Nf6 13. g4 h6 14. Bc4 0-0-0 15. Be6+ Kb8 16. Bf5 Bb4 17. 0-0-0 Bxc3 18. Bxc3 Rd6 19. h4 g6 20. Bxg6 Nxg4 21. Bxe4 Nf2 22. Bxc6 Rxc6 23. Rdf1 Nxh1 24. Bxe5 Re8 25. Bf4 Rg8 26. Rxh1 h5 27. Rf1 b5 28. Bg5 Rh8 29. Rf5 a6 30. e4 Kc8 31. e5 Kd7 32. Bf6 Rh7 33. Rg5 Ke6 34. Rg8 Kf7 35. Rd8 Ke6 36. d4 Rd7 37. Rxd7 Kxd7 38. Kd2 b4 39. Bg7 Rg6 40. Bf6 Ke6 41. c4 c6 42. Bg5 Rg8 43. Ke3 Rf8 44. Ke4 Rf2 45. d5+ cxd5+ 46. cxd5+ Kd7 47. e6+ Kd6 48. Bf4+ Ke7 49. Kf5 Rf1 50. d6+ Kd8 51. Ke5 1-0

[Event "Mittelfrankenliga-B2a 0506"]
[Site "Germany"]
[Date "2005.12.04"]
[Round "3.7"]
[White "Runde, Eduard"]
[Black "Breitenbach, Albert"]
[Result "0-1"]
[WhiteElo "1614"]
[BlackElo "1804"]
[PlyCount "54"]
[EventDate "2005.10.16"]
[EventType "team"]
[EventRounds "9"]
[EventCountry "GER"]
[SourceTitle "EXT 2007"]
[Source "ChessBase"]
[SourceDate "2006.11.23"]
[SourceVersion "1"]
[SourceVersionDate "2006.11.23"]
[SourceQuality "1"]

1. e4 c6 2. d4 d5 3. e5 c5 4. c4 cxd4 5. Qxd4 Nc6 6. Qf4 e6 7. Nf3 Nge7 8. Ng5 Nxe5 9. Nxe6 Bxe6 10. Qxe5 Nc6 11. Qe3 Bb4+ 12. Bd2 0-0 13. a3 Re8 14. Be2 Bg4 15. Qf4 Bxd2+ 16. Nxd2 Bxe2 17. f3 dxc4 18. Ne4 Bd3 19. Rd1 Qb6 20. Rd2 Nd4 21. Kd1 Qb3+ 22. Ke1 Qb6 23. Kd1 c3 24. Nxc3 Qb3+ 25. Kc1 Ne2+ 26. Nxe2 Rxe2 27. Rhd1 Rc8+ 0-1

[Event "Nuremberg-ch op 03rd"]
[Site "Nuremberg"]
[Date "2003.06.01"]
[Round "4"]
[White "Runde, Eduard"]
[Black "Lenz, Harald"]
[Result "1/2-1/2"]
[WhiteElo "1503"]
[BlackElo "1723"]
[PlyCount "132"]
[EventDate "2003.05.30"]
[EventType "swiss"]
[EventRounds "5"]
[EventCountry "GER"]
[SourceTitle "EXT 2006"]
[Source "ChessBase"]
[SourceDate "2005.11.24"]
[SourceVersion "1"]
[SourceVersionDate "2005.11.24"]
[SourceQuality "1"]

1. e4 e6 2. d4 d5 3. Nc3 Bb4 4. Bd2 Ne7 5. e5 Nf5 6. Nf3 Nc6 7. a3 Ba5 8. Bb5 Bd7 9. Ne2 Bxd2+ 10. Qxd2 a6 11. Bd3 Nce7 12. c3 Bb5 13. Bc2 Qd7 14. h3 Ba4 15. b3 Bc6 16. a4 b6 17. 0-0 0-0-0 18. Bd3 Kb7 19. Nc1 h5 20. Qe2 Ra8 21. Ng5 Nh6 22. Qxh5 g6 23. Qf3 Nef5 24. Qd1 Qe7 25. Qd2 f6 26. exf6 Qxf6 27. Ne2 Nf7 28. Nxf7 Qxf7 29. Ng3 Rag8 30. Qe2 g5 31. Rfe1 Nxg3 32. fxg3 Bd7 33. Bxa6+ Ka7 34. Bb5 c6 35. Bd3 Rh6 36. Qe5 Kb7 37. b4 Rgh8 38. Rf1 Qg8 39. a5 b5 40. a6+ Kb6 41. a7 Qa8 42. Qxg5 e5 43. dxe5 Bxh3 44. Qe3+ Kb7 45. Rf7+ Bd7 46. Rxd7+ Kc8 47. Rh7 R6xh7 48. Bxh7 Rxh7 49. e6 Kb7 50. e7 Rh8 51. Qe6 Kb6 52. e8Q Rxe8 53. Qxe8 Qxe8 54. a8Q Qe3+ 55. Kf1 Qd3+ 56. Kf2 Qd2+ 57. Kf3 Qd3+ 58. Kf4 Qe4+ 59. Kg5 Qe5+ 60. Kh4 Qf6+ 61. Kg4 Qg6+ 62. Kf4 Qf6+ 63. Ke3 Qxc3+ 64. Kf4 Qf6+ 65. Kg4 Qg6+ 66. Kh4 Qh6+ 1/2-1/2

[Event "Nuremberg-ch op 03rd"]
[Site "Nuremberg"]
[Date "2003.06.01"]
[Round "5"]
[White "Wagner, Florian"]
[Black "Runde, Eduard"]
[Result "1-0"]
[WhiteElo "1759"]
[BlackElo "1503"]
[PlyCount "71"]
[EventDate "2003.05.30"]
[EventType "swiss"]
[EventRounds "5"]
[EventCountry "GER"]
[SourceTitle "EXT 2006"]
[Source "ChessBase"]
[SourceDate "2005.11.24"]
[SourceVersion "1"]
[SourceVersionDate "2005.11.24"]
[SourceQuality "1"]

1. e4 c5 2. Nc3 Nc6 3. g3 e5 4. Bg2 Nf6 5. d3 h6 6. f4 d6 7. Nf3 Bg4 8. h3 Bxf3 9. Bxf3 Nd4 10. Bg2 Nd7 11. 0-0 Nf6 12. Ne2 Be7 13. c3 Nxe2+ 14. Qxe2 Qb6 15. Kh2 Rd8 16. Be3 g6 17. Rf2 Qc7 18. Raf1 b6 19. fxe5 dxe5 20. Rxf6 Bxf6 21. Rxf6 Qe7 22. Rf1 Qd6 23. Qf2 Rd7 24. Rd1 h5 25. d4 exd4 26. cxd4 h4 27. Bf4 hxg3+ 28. Bxg3 Qe6 29. d5 Qe7 30. e5 a5 31. Qe3 Rh5 32. Bf3 Rg5 33. Bf4 Rh5 34. Bxh5 gxh5 35. Bg5 Qf8 36. e6 1-0

[Event "Nuremberg-ch op 03rd"]
[Site "Nuremberg"]
[Date "2003.05.31"]
[Round "2"]
[White "Runde, Eduard"]
[Black "Koellner, Ulrich"]
[Result "0-1"]
[WhiteElo "1503"]
[BlackElo "1758"]
[PlyCount "62"]
[EventDate "2003.05.30"]
[EventType "swiss"]
[EventRounds "5"]
[EventCountry "GER"]
[SourceTitle "EXT 2006"]
[Source "ChessBase"]
[SourceDate "2005.11.24"]
[SourceVersion "1"]
[SourceVersionDate "2005.11.24"]
[SourceQuality "1"]

1. e4 c6 2. d4 d5 3. Nc3 dxe4 4. Nxe4 Nf6 5. Ng5 h6 6. N5f3 Bg4 7. h3 Bxf3 8. Nxf3 e6 9. Be3 Nbd7 10. Bc4 Be7 11. 0-0 Nd5 12. c3 0-0 13. Qd3 e5 14. Bb3 Nxe3 15. fxe3 Nf6 16. Bc2 exd4 17. exd4 Qd6 18. Ne5 Rfd8 19. Rxf6 Bxf6 20. Qh7+ Kf8 21. Qh8+ Ke7 22. Qh7 Bxe5 23. dxe5 Qxe5 24. Rf1 Rd2 25. a3 Rad8 26. a4 Re2 27. Bd3 Qe3+ 28. Kh1 Qxd3 29. Qxg7 Qg6 30. Qxg6 fxg6 31. b4 Rdd2 0-1

[Event "Nuremberg-ch op 03rd"]
[Site "Nuremberg"]
[Date "2003.05.31"]
[Round "3"]
[White "Rupp, Michael"]
[Black "Runde, Eduard"]
[Result "0-1"]
[WhiteElo "1551"]
[BlackElo "1503"]
[PlyCount "90"]
[EventDate "2003.05.30"]
[EventType "swiss"]
[EventRounds "5"]
[EventCountry "GER"]
[SourceTitle "EXT 2006"]
[Source "ChessBase"]
[SourceDate "2005.11.24"]
[SourceVersion "1"]
[SourceVersionDate "2005.11.24"]
[SourceQuality "1"]

1. d4 f5 2. g3 Nf6 3. Bg2 d5 4. Nf3 Nc6 5. Nc3 e6 6. a3 Bd6 7. Bg5 0-0 8. Nb5 a6 9. Nxd6 Qxd6 10. Bf4 Qd7 11. Ne5 Nxe5 12. Bxe5 Ng4 13. Bf4 h6 14. h4 Re8 15. f3 Nf6 16. Qd2 Qf7 17. Be5 c6 18. 0-0-0 Nd7 19. Qf4 c5 20. dxc5 Nxc5 21. Qd4 b6 22. Rhf1 Bd7 23. g4 Rac8 24. Qb4 Na4 25. b3 a5 26. Qd2 Nc5 27. Kb2 fxg4 28. fxg4 Qg6 29. Bf3 Rf8 30. Rc1 Ne4 31. Qd3 Be8 32. h5 Qg5 33. Bxe4 Qxe5+ 34. Kb1 Qxe4 35. Rxf8+ Kxf8 36. Qa6 Rc6 37. Rf1+ Kg8 38. Qa8 Qxc2+ 39. Ka1 Qc3+ 40. Ka2 Rc8 41. Qb7 Qe5 42. Qxc8 Qxe2+ 43. Kb1 Qxf1+ 44. Ka2 Qe2+ 45. Ka1 Kf8 0-1

[Event "Erlangen op 18th"]
[Site "Erlangen"]
[Date "2003.??.??"]
[Round "5"]
[White "Jeute, Peter"]
[Black "Runde, Eduard"]
[Result "1-0"]
[WhiteElo "1914"]
[BlackElo "1593"]
[PlyCount "53"]
[EventDate "2003.11.??"]
[EventType "swiss"]
[EventRounds "5"]
[EventCountry "GER"]
[SourceTitle "EXT 2005"]
[Source "ChessBase"]
[SourceDate "2004.11.15"]
[SourceVersion "1"]
[SourceVersionDate "2004.11.15"]
[SourceQuality "1"]

1. d4 d5 2. Nf3 Nf6 3. Bg5 Ne4 4. Bf4 e6 5. e3 a6 6. Bd3 Nd6 7. Nbd2 Nc6 8. 0-0 f6 9. c4 dxc4 10. Nxc4 e5 11. dxe5 fxe5 12. Nfxe5 Nxe5 13. Nxe5 Qf6 14. Rc1 c6 15. Qf3 Nf7 16. Nxf7 Kxf7 17. Bc4+ Be6 18. Bxe6+ Qxe6 19. Qh5+ g6 20. Qe5 Bg7 21. Qxe6+ Kxe6 22. b3 b5 23. Rxc6+ Kd5 24. Rfc1 Rhd8 25. f3 Bd4 26. exd4 Ra7 27. Be5 1-0

[Event "Erlangen op 18th"]
[Site "Erlangen"]
[Date "2003.??.??"]
[Round "1"]
[White "Thuerauf, Peter"]
[Black "Runde, Eduard"]
[Result "1-0"]
[WhiteElo "1871"]
[BlackElo "1593"]
[PlyCount "79"]
[EventDate "2003.11.??"]
[EventType "swiss"]
[EventRounds "5"]
[EventCountry "GER"]
[SourceTitle "EXT 2005"]
[Source "ChessBase"]
[SourceDate "2004.11.15"]
[SourceVersion "1"]
[SourceVersionDate "2004.11.15"]
[SourceQuality "1"]

1. d4 d5 2. Nf3 Nf6 3. c4 Bg4 4. Ne5 Bh5 5. Qb3 dxc4 6. Qxb7 Qd5 7. Qc8+ Qd8 8. Qxd8+ Kxd8 9. e3 Nbd7 10. Nc6+ Kc8 11. Bxc4 a5 12. Bd2 a4 13. Nc3 Nb6 14. Bb5 e6 15. e4 Bg6 16. f3 Nfd7 17. 0-0 f6 18. f4 h6 19. Be3 Bf7 20. Rac1 e5 21. fxe5 Bc4 22. Rfd1 fxe5 23. Nxe5 Nxe5 24. dxe5 c5 25. Bf4 Be7 26. Bxc4 Nxc4 27. Nd5 Bd8 28. Rxc4 Re8 29. Rxc5+ Kb7 30. Rc4 Ra5 31. Rb4+ Ka6 32. Rc1 Rb5 33. Rxa4+ Kb7 34. b3 Bg5 35. g3 g6 36. Rac4 Bxf4 37. gxf4 g5 38. Nc7 gxf4 39. Nxe8 Rxe5 40. Nd6+ 1-0

[Event "Nuremberg Zabo op 04th"]
[Site "Nuremberg"]
[Date "2002.09.28"]
[Round "3"]
[White "Runge, Arthur"]
[Black "Runde, Eduard"]
[Result "0-1"]
[WhiteElo "1191"]
[BlackElo "1450"]
[PlyCount "56"]
[EventDate "2002.09.27"]
[EventType "swiss"]
[EventRounds "5"]
[EventCountry "GER"]
[SourceTitle "EXT 2003"]
[Source "ChessBase"]
[SourceDate "2002.11.25"]
[SourceVersion "1"]
[SourceVersionDate "2002.11.25"]
[SourceQuality "1"]

1. e4 e5 2. Nf3 Nc6 3. Bc4 Nf6 4. Nc3 h6 5. 0-0 Bb4 6. a3 Ba5 7. Re1 a6 8. d4 exd4 9. Nxd4 Ne5 10. h3 Nxc4 11. e5 Bxc3 12. bxc3 Nd5 13. Nf5 Rh7 14. Qxd5 Nb6 15. Qf3 Kf8 16. Nxh6 gxh6 17. Qf5 Kg8 18. Re4 d6 19. Qf3 dxe5 20. a4 Qd6 21. Ba3 Qc6 22. Rd1 Be6 23. Be7 f5 24. Rxe5 Qxf3 25. gxf3 Rxe7 26. Kh2 Nxa4 27. Rde1 Kf7 28. c4 Rae8 0-1

[Event "Erlangen op 17th"]
[Site "Erlangen"]
[Date "2002.??.??"]
[Round "?"]
[White "Telegin, Valery"]
[Black "Runde, Eduard"]
[Result "1/2-1/2"]
[WhiteElo "100"]
[BlackElo "1430"]
[PlyCount "101"]
[EventDate "2002.??.??"]
[EventType "swiss"]
[EventRounds "5"]
[EventCountry "GER"]
[SourceTitle "EXT 2005"]
[Source "ChessBase"]
[SourceDate "2004.11.15"]
[SourceVersion "1"]
[SourceVersionDate "2004.11.15"]
[SourceQuality "1"]

1. e4 e5 2. Nf3 Nc6 3. Nc3 a6 4. d3 h6 5. d4 Bb4 6. Bd2 exd4 7. Nd5 Bxd2+ 8. Qxd2 Nf6 9. Nxf6+ Qxf6 10. 0-0-0 b5 11. Nxd4 Ne5 12. b3 c5 13. f4 cxd4 14. fxe5 Qxe5 15. Be2 Bb7 16. Qxd4 Qxd4 17. Rxd4 0-0 18. Bf3 Rad8 19. e5 Bc8 20. Re1 Rfe8 21. Re2 Re7 22. c4 b4 23. c5 Rde8 24. Rxb4 Rxe5 25. Rxe5 Rxe5 26. c6 Rc5+ 27. Rc4 dxc6 28. Bxc6 Rf5 29. Be4 Rf1+ 30. Kb2 Rf2+ 31. Ka3 Bd7 32. Rd4 Re2 33. Rb4 g5 34. Bf3 Rd2 35. Rb6 Bb5 36. Rxh6 Kg7 37. Rh5 Kg6 38. Rh8 Kg7 39. Rh5 Kg6 40. h4 Rxg2 41. hxg5 Rxg5 42. Rxg5+ Kxg5 43. Kb4 Kf4 44. Bd5 f5 45. a4 Be2 46. Kc5 Ke3 47. b4 f4 48. Bb7 f3 49. Bxf3 Bxf3 50. b5 axb5 51. axb5 1/2-1/2